| 000 | 00781nam a2200301 a 4500 | ||
|---|---|---|---|
| 005 | 20140310183239.0 | ||
| 008 | 040628s19uu xx 00 eng d | ||
| 020 | _a0323022014 | ||
| 050 |
_aRT 41 _b.El39 2004 |
||
| 100 | _aElkin, Martha Keene | ||
| 245 |
_aNursing interventions and clinical skills / _cMartha Keene Elkin. |
||
| 260 |
_aU.S.A : _bMosby, _c2004. |
||
| 300 |
_a1022 p. : _c26 cm. |
||
| 521 | _aNUR | ||
| 650 | _aNursing. | ||
| 650 | _aClinical competence. | ||
| 650 | _anursing process. | ||
| 650 |
_aNursing care _xmethods. |
||
| 700 | _aPerry, Anne Griffin | ||
| 700 | _aPotter, Patricia A. | ||
| 942 |
_cBK _2lcc _kFOR |
||
| 999 |
_c20583 _d20583 |
||